¿Quién soy yo? (Record no. 186822)

MARC details
000 -LEADER
campo de control de longitud fija 00862nam a2200217 i 4500
001 - NÚMERO DE CONTROL
campo de control 186822
003 - IDENTIFICADOR DE NÚMERO DE CONTROL
campo de control SpMaBN
005 - FECHA Y HORA DE LA ÚLTIMA TRANSACCIÓN
campo de control 20250824055550.0
008 - DATOS DE LONGITUD FIJA--INFORMACIÓN GENERAL
campo de control de longitud fija 170220s1970 sp |||| |dspa d
080 ## - NÚMERO DE LA CLASIFICACIÓN DECIMAL UNIVERSAL
Número de la Clasificación Decimal Universal 821.134.2-23"19"
100 1# - ENTRADA PRINCIPAL--NOMBRE DE PERSONA
Nombre de persona Luca de Tena, Juan Ignacio,
Fechas asociadas al nombre 1897-1975
9 (RLIN) 74513
245 11 - MENCIÓN DEL TÍTULO
Título ¿Quién soy yo?
Resto del título : farsa en tres actos, el tercero dividido en dos cuadros ; y ¡Yo soy Brandel! /
Mención de responsabilidad, etc. Juan Ignacio Luca de Tena.
246 10 - FORMA VARIANTE DEL TITULO
Título propio/Titulo breve ¡Yo soy Brandel!
Resto del título : comedia en un prólogo, dos actos y un epílogo.
Nombre de parte o sección de la obra Segunda parte de ¿Quién soy yo?
260 ## - PUBLICACIÓN, DISTRIBUCIÓN, ETC.
Lugar de publicación, distribución, etc. [Madrid] :
Nombre del editor, distribuidor, etc. Escelicer,
Fecha de publicación, distribución, etc. [1970]
300 ## - DESCRIPCIÓN FÍSICA
Extensión 119 p. ;
Dimensiones 16 cm.
490 1# - MENCIÓN DE SERIE
Mención de serie Colección teatro ;
Designación de volumen o secuencia 60 (extra
740 12 - ENTRADA AGREGADA--TÍTULO RELACIONADO/ANALÍTICO NO CONTROLADO
Título relacionado o analítico no controlado ¡Yo soy Brandel!
830 00 - PUNTO DE ACCESO ADICIONAL DE SERIE-TÍTULO UNIFORME
Título uniforme Colección teatro (Escelicer)
Designación de volumen o secuencia 60 (extra
9 (RLIN) 183149
852 1# - LOCALIZACIÓN
Ubicación BA
Número de control de estantería 2335-F-2
Nota libre . - Donat. Carmen Zumárraga
Holdings
Estatus retirado Estado de pérdida Estado de daño No para préstamo Colección Biblioteca de origen Biblioteca actual Ubicación en estantería Fecha de adquisición Fuente de adquisición Total de préstamos Signatura topográfica completa Código de barras Visto por última vez Precio de reemplazo Tipo de ítem Koha
        Colección de folletos Biblioteca del Ateneo de Madrid Biblioteca del Ateneo de Madrid Depósito folletos 20/02/2017     2335-F-2 1197062 23/02/2023 23/02/2023 Folleto